Review of politics. (Record no. 10278)
[ view plain ]
| 000 -LEADER | |
|---|---|
| fixed length control field | 00515cas5a220016900 4500 |
| 001 - CONTROL NUMBER | |
| control field | zam00003965 |
| 008 - FIXED-LENGTH DATA ELEMENTS--GENERAL INFORMATION | |
| fixed length control field | 951212n xx eng u |
| 022 ## - INTERNATIONAL STANDARD SERIAL NUMBER | |
| International Standard Serial Number | 0034-6705 |
| 035 ## - SYSTEM CONTROL NUMBER | |
| System control number | (Sirsi) r21268 |
| 050 ## - LIBRARY OF CONGRESS CALL NUMBER | |
| Classification number | JA1.R4P6 |
| 245 00 - TITLE STATEMENT | |
| Title | Review of politics. |
| 260 ## - PUBLICATION, DISTRIBUTION, ETC. | |
| Place of publication, distribution, etc. | Notre Dame |
| Name of publisher, distributor, etc. | University of Notre Dame |
| Date of publication, distribution, etc. | 1965. |
| 310 ## - CURRENT PUBLICATION FREQUENCY | |
| Current publication frequency | Quarterly. |
| 362 ## - DATES OF PUBLICATION AND/OR SEQUENTIAL DESIGNATION | |
| Dates of publication and/or sequential designation | Vol.18, 1956 - Vol.27, 1965. |
| 520 ## - SUMMARY, ETC. | |
| Summary, etc. | Primarily intrested in the philosophical and historical approach to political realites |
| 650 ## - SUBJECT ADDED ENTRY--TOPICAL TERM | |
| Topical term or geographic name entry element | Politics. |
| Withdrawn status | Lost status | Source of classification or shelving scheme | Damaged status | Not for loan | Home library | Current library | Shelving location | Total Checkouts | Full call number | Barcode | Date last seen | Copy number | Price effective from | Koha item type |
|---|---|---|---|---|---|---|---|---|---|---|---|---|---|---|
| Library of Congress Classification | Main Library | Main Library | Serials | JA1.R4P6 | 6705181956 | 08/12/2019 | 1 | 08/12/2019 | Periodical | |||||
| Library of Congress Classification | Main Library | Main Library | Serials | JA1.R4P6 | 6705271965 | 08/12/2019 | 2 | 08/12/2019 | Periodical |